000 01003nam a2200301 i 4500
003 EG-GICUC
005 20260323233536.0
008 260323s1968 enkob||fr|||| 00| 0 eng d
040 _aEG-GiCUC
_beng
_cEG-GiCUC
_dEG-GiCUC
_erda
041 _aeng
082 0 4 _221
_a341.6
_bHO.G
092 0 4 _221
099 _aLaw1 11 341.6 HO.G 1968 .
100 1 _aHoney , P. J.
_eAuthor.
245 _aGenesis Of A Tragedy :
_bThe Historical Background to the Vietnam War /
_c P. J. Honey .
264 _aLondon :
_bERNEST BENN LIMITED ,
_c1968 .
300 _a86 pages :
_billustrations, Photographs , Maps ,
_c24 cm
336 _2rda content
_atext
337 _2rda media
_aComputer
338 _2rda carrier
_aOnline Resource
500 _aIncludes illustrations, Photographs , Maps . Includes Index Pages : 85-86.
546 _aText in English
650 1 _aLaw of war
651 1 _2qrmak
856 4 0 _uhttps://fll.law.cu.edu.eg/fulltext/bks/B11-08656.pdf
905 _a60
942 _2ddc
_cBK
_e21
_n0
999 _c66551
_d66551